La retorica fra scienza e professione legale. Questioni di metodo.

-д хадгалсан:
Номзүйн дэлгэрэнгүй
Үндсэн зохиолч: Ferrari, Gianfranco A. (autore)
Бусад зохиолчид: Manzin, Maurizio (autore)
Формат: Ном
Хэл сонгох:англи
Хэвлэсэн: Milano, Italia: Giuffrè, 2004.
Цуврал:Acta methodologica,
Нөхцлүүд:
Шошгууд: Шошго нэмэх
Шошго байхгүй, Энэхүү баримтыг шошголох эхний хүн болох!

MARC

LEADER 00000nam a22000007a 4500
003 CL-VaPUC
005 20220822114718.0
008 220725t2004 ||||| |||| 00| 0 eng d
999 |c 437514  |d 437512 
040 |c Pontificia Universidad Católica de Valparaíso 
082 |2 22  |a 347.4507 FER 2004  
100 |9 873844  |a Ferrari, Gianfranco A.   |e autore 
245 |a La retorica fra scienza e professione legale.   |b Questioni di metodo.  
260 |a Milano, Italia:   |b Giuffrè,   |c 2004. 
300 |a 375 páginas.  
490 |a Acta methodologica,  |n  1. 
500 |a c.1 Donación Familia Prof. Alejandro Guzmán Brito. 
583 |c 20220725  |k Yessy Sthefany Diaz Vidal 
650 0 |9 361912  |a Proceso civil  |x Oratoria  
650 0 |9 395115  |a Oratoria jurídica 
650 0 |a Derecho   |x Retórica   |9 873847 
700 |9 556443  |a Manzin, Maurizio  |e autore 
942 |2 ddc  |c BK  |n 0 
952 |0 0  |1 0  |2 ddc  |4 0  |6 347_450700000000000_FER_2004  |7 1  |8 C_AGB  |9 585285  |a BIBDER  |b BIBDER  |d 2022-07-25  |e Donación   |i 5653278  |o 347.4507 FER 2004  |p 5653278  |r 2023-01-25  |t 1  |w 2022-07-25  |y BK_US  |k AGB